Acciones ambientales de las instituciones de educación superior en México en la perspectiva del desarrollo sustentable : antecedentes y situación actual /

Aquí se presentan las acciones que las instituciones de educación superior mexicanas afiliadas a la ANUIES han tomado en materia de desarrollo sustentable durante los periódos entre 1985 a 1994 y de 1995 y 2001, dentro del marco de la política ambiental nacional, coordianda por la Secretaría de Medi...

وصف كامل

محفوظ في:
التفاصيل البيبلوغرافية
التنسيق: كتاب
اللغة:الإسبانية
منشور في: México : Secretaría de Medio Ambiente, Recursos Naturales y Pesca, Centro de Educación y Capacitación para el Desarrollo Sustentable : ANUIES, 2002, c2002
الموضوعات:
الوسوم: إضافة وسم
لا توجد وسوم, كن أول من يضع وسما على هذه التسجيلة!

MARC

LEADER 00000nam^a2200000^a^4500
001 000154431
005 20250521000000.0
009 20260310100354.571
020 |a 970-704-041-6 
037 |a Acervo ITESO - Biblioteca 
041 |a ESP 
082 |a 378. 015  |b ACC 
245 1 0 |a Acciones ambientales de las instituciones de educación superior en México en la perspectiva del desarrollo sustentable :  |b antecedentes y situación actual / 
264 4 |a México :  |b Secretaría de Medio Ambiente, Recursos Naturales y Pesca, Centro de Educación y Capacitación para el Desarrollo Sustentable :  |b ANUIES,  |c 2002, c2002 
300 |a 71 p. 
336 |a texto  |b txt  |2 rdacontenido 
337 |a sin mediación  |b n  |2 rdamedio 
338 |a volumen  |b nc  |2 rdasoporte 
520 |a Aquí se presentan las acciones que las instituciones de educación superior mexicanas afiliadas a la ANUIES han tomado en materia de desarrollo sustentable durante los periódos entre 1985 a 1994 y de 1995 y 2001, dentro del marco de la política ambiental nacional, coordianda por la Secretaría de Medio Ambiente, Recursos Naturales y Pesca. 
649 |a XX 
650 |a Desarrollo Sustentable -  |z México 
650 |a Política Ambiental -  |z México 
650 |a Impacto Ambiental -  |z México 
650 |a Conservación y Protección Ambiental -  |z México 
650 |a Recursos Naturales -  |z México 
650 |a Medio Ambiente -  |z México 
650 |a Problemas Sociales -  |z México 
650 |a Ecología -  |z México 
650 |a Educación Ambiental -  |z México 
650 |a Planeación Educativa -  |z México 
650 |a Educación y Desarrollo -  |z México 
650 |a Finalidades de la Educación -  |z México 
650 |a Educación Superior -  |z México 
650 |a Educación Formal -  |z México 
650 |a Educación -  |z México 
910 |a Fondo General 
920 |a Impresos - Libros 
930 |a Colección General 
905 |a 101 
901 |a 0500086117  |b IT1  |c ACC  |u 20250521 
901 |a 0500120487  |b IT1  |c ACC  |u 20250521 
902 |a https://opac.biblio.iteso.mx/vufind/Record/000154431